• 首页
  • 本馆介绍
  • 公告通知
  • 最新文献
  • 馆藏检索
  • 电子资源
  • 读者导购
  • 参考咨询
  • 我的图书馆
  • 登录
  • 详细信息显示
  • 放入我的书架
  • 预约/预借图书
  • 作者相关作品
  • 分类相关作品
  • 丛书相关作品
  • 出版社相关作品

书目信息

  • 表格格式
  • 工作单格式
  • 卡片格式
题名:
中世纪思想的演化
    
 
作者: 瑙尔斯 著 ;杨选 译
分册:  
出版信息: 北京   商务印书馆  2012.05
页数: 491页
开本: 21cm
丛书名:
单 册:
中图分类: B13
科图分类:
主题词: 中世纪哲学--思想评论 , 中世纪哲学 , 思想评论
电子资源:
ISBN: 978-7-100-08484-0
000 01026nam0 2200301 450
001 010010097221
005 20130426102656.98
010    @a978-7-100-08484-0@dCNY34.00
100    @a20120709d2012 em y0chiy0110 ea
101 1  @achi@ceng
102    @aCN@b110000
105    @ay z 001yy
106    @ar
200 1  @a中世纪思想的演化@9zhong shi ji si xiang de yan hua@f(英)大卫·瑙尔斯著@g杨选译
210    @a北京@c商务印书馆@d2012.05
215    @a491页@d21cm
305    @a据朗曼出版社1988年第二版译出
312    @a封面英文题名:The evolution of medieval thought
330    @a本书内容包括:古代世界的遗产、十一世纪和十二世纪的文艺复兴、新大学——重新发现亚里士多德、十三世纪的成就、中世纪综合的崩溃。
510 1  @aEvolution of medieval thought@zeng
606 0  @a中世纪哲学@x思想评论
606 0  @a中世纪哲学
606 0  @a思想评论
690    @aB13@v5
701  0 @c(英)@a瑙尔斯@9nao er si@c(Knowles, David)@4著
702  0 @a杨选@9yang xuan@4译
801  0 @aCN@bNLC@c20120717
905    @b542276-80@dB13@e65@f5
    
    中世纪思想的演化/(英)大卫·瑙尔斯著/杨选译.-北京:商务印书馆,2012.05
    491页;21cm
    
    
    ISBN 978-7-100-08484-0:CNY34.00
    本书内容包括:古代世界的遗产、十一世纪和十二世纪的文艺复兴、新大学——重新发现亚里士多德、十三世纪的成就、中世纪综合的崩溃。
●
相关链接 在E读中查询图书 在五车中查询图书 在当当中查询图书 在豆瓣中查询图书


正题名:中世纪思想的演化     索取号:B13/65         预约/预借

序号 登录号 条形码 馆藏地/架位号 状态 备注
1 542276   205422764   第一样本阅览室/ [索取号:B13/65] 在馆    
2 542277   205422773   第一借阅区/ [索取号:B13/65] 在馆    
3 542278   205422782   第一借阅区/ [索取号:B13/65] 在馆    
4 542279   205422791   第一借阅区/ [索取号:B13/65] 在馆    
5 542280   205422808   第一借阅区/ [索取号:B13/65] 在馆    
唐山师范学院图书馆 欢迎您!
大连网信软件有限公司© 版权所有